000
00306nam a2200121Ia 4500
999
_c
10568
_d
10568
082
_a
TL.0053
100
_a
Lohar, Raghunath Makadu
245
0
_a
Ahilyabai Holkar va tichee karkeerd (in Marathi)
260
_c
1976
_b
University of Pune
300
_a
875p.
650
_a
HOLKAR, AHILYABAI
942
_c
TH
_2
ddc